Responses for show #5226 - Monday, May 7, 2007

2007 College Championship semifinal game 1.
From the University of Southern California.

Contestants

Hayley Clatterbuck, a junior from the University of Nebraska-Lincoln

Alice Luo, a junior from Georgia Institute of Technology

Cliff Galiher, a sophomore from UCLA

Jeopardy! Round responses

BOOKS & AUTHORS
YE GODS!
CHINESE GEOGRAPHY
WHAT A WAY TO GO
COLLEGE STADIUMS & ARENAS
BODY LANGUAGE
    $200 1
The Grapes of Wrath

Hayley
    $200 11
the Moon

Hayley
    $200 16
the Yellow River

Cliff
    $200 6
the Eiffel Tower

Alice
    $200 19
the Superdome

Alice
    $200 22
the ears

Hayley
    $400 2
Aldous Huxley

Cliff
    $400 12
Brahma

Alice
    $400 17
the Gobi Desert

Alice
    $400 7
a turtle

Cliff
    $400 23
(Hayley: What is Rutgers?)

Princeton University

AliceHayley
    $400 27
to foot

Hayley
    $600 3
Machiavelli

Alice
    $600 13
Rome

Alice
    $600 18
Mount Everest

Hayley
    $600 8
Pyrrhus

Cliff
    $1,600 24
Heinz

Alice
    $600 28
the tongue

Cliff
    $800 4
Dostoyevsky

Alice
    $800 14
(Alex: [*]--Eskimos, right.)

the Inuit

Hayley
    $800 20
Shanghai

Cliff
    $800 9
a robot

Cliff
    $800 25
Clemson

Hayley
    $800 29
a bone

Cliff
    $1000 5
The Wind in the Willows

Hayley
    $1000 15
Artemis

Cliff
    $1000 21
the Gulf of Tonkin

Cliff
    $1000 10
Tennessee Williams

Cliff
    $1000 26
(Alice: What is the University of Arizona?)

University of Kentucky

AliceHayley
    $1000 30
a head

Hayley

Scores at the first commercial break (after clue 15):

Cliff Alice Hayley
$4,200 $2,600 $2,200

Scores at the end of the Jeopardy! Round:

Cliff Alice Hayley
$7,600 $4,200 $5,800

Double Jeopardy! Round responses

CUTTING-EDGE SCIENCE
BUSINESS PAIRINGS
DIRECTOR"S"
SILENT B
GAUL'S GONE WILD!
SPRING BREAK!
    $400 24
cells

Alice
    $400 1
Barnum & Bailey

Cliff
    $400 2
Steven Spielberg

Alice
    $400 11
bomb

Alice
    $400 28
France

Cliff
    $400 16
mother

Cliff
    $800 25
an eruption

Alice
    $800 4
McGraw & Hill

Alice
    $800 3
Martin Scorsese

Hayley
    $800 12
comb

Alice
    $800 29
Julius Caesar

Cliff
    $800 17
Jamaica

Hayley
    $1200 22
a laser beam

Hayley
    $1200 5
Smith & Wesson

Hayley
    $1200 8
Oliver Stone

Cliff
    $1200 13
Tomb (of the Unknown Soldier)

Alice
    $4,000 21
Milan

Cliff
    $1200 18
Israel

Triple Stumper
    $1600 30
(Alice: What are frogs?)

snakes

CliffAlice
    $1600 6
Procter & Gamble

Hayley
    $1600 9
Ridley Scott

Cliff
    $1600 14
limb

Alice
    $1600 27
Hannibal

Hayley
    $1600 19
Tanzania

Hayley
    $2,600 23
protons

Hayley
    $2000 7
Black & Decker

Alice
    $2000 10
John Singleton

Cliff
    $2000 15
plumb

Hayley
    $2000 26
Claudius

Cliff
    $2000 20
(Alice: What is Washington?)

New York

CliffAlice

Scores at the end of the Double Jeopardy! Round:

Cliff Alice Hayley
$24,000 $9,000 $19,200

[wagering suggestions for these scores]

Final Jeopardy! Round responses

U.S. STATES
AliceWhat is West Virginia?
$3,000
HayleyWhat is West Virginia?
$9,500
CliffWhat is Louisiana?
$5,999
Louisiana

Final scores:

Cliff Alice Hayley
$29,999 $6,000 $9,700
Finalist 3rd place: $10,000 2nd place: $10,000

Game dynamics:

Coryat scores:

Cliff Alice Hayley
$21,200 $8,000 $18,600
22 R
(including 1 DD),
0 W
18 R
(including 1 DD),
3 W
19 R
(including 1 DD),
1 W

Combined Coryat: $47,800

The J! Archive is created by fans, for fans. The Jeopardy! game show and all elements thereof, including but not limited to copyright and trademark thereto, are the property of Jeopardy Productions, Inc. and are protected under law. This website is not affiliated with, sponsored by, or operated by Jeopardy Productions, Inc. Join the discussion at JBoard.tv.